000 00635nam a22001817a 4500
999 _c13729
_d13729
008 190403b ||||| |||| 00| 0 eng d
020 _a9780810886520
082 _22013
_aAV-Eb 780.71
_bC712
100 _aCollins,Irma H.
_938166
245 _aDictionary of music education /
_cIrma H. Collins and Carolynn A. Lindeman.
260 _bScarecrow Press,
_c©2013.
300 _a375 pages;
500 _aIncludes index.
650 _aMusic - Instruction and study
_938167
700 _aLindeman,Carolynn A.
_938168
856 _yhttps://ebookcentral.proquest.com/lib/uniofmindanao-ebooks/detail.action?docID=1501715
942 _2ddc
_cEB